000 00528nam a2200193Ia 4500
005 20240808092154.0
008 231019s9999 xx 000 0 und d
020 _a0-03-034431-x
082 _a332
_bBES-P
100 _aBesley,Scott
245 0 _aPrinciples of Finance
_cScott Besley
250 _a2nd ed.
260 _aUSA
_bThomas Learning South Western
_c2003
300 _axvi, 705 p.:
_bill;
_c23 cm.
500 _aIncludes index
650 _aSocial Sciences/Finance
700 _a Eugene F. Brigham
999 _c34505
_d34505